1042 1143 1305 1696 1080 1614 1240 1733 1890 1869 1010 1876 1587 1939 1091 1672 1570 1771 1981 1479 1050 1545 1788 1740 1607 1121 1655 1541 1731 1513 1987 1957 1001 1432 1192 1042 1005 1534 1865 1470 1882 1089 1588 1778 1110 1141 1476 1654 1825 1459 1998 1260 1088 1795 1067 1425 1857 1485 1144 1764 1554 1352 1003 1507 1091 1845 1467 1091 1900 1509 1151 1916 1447 1453 1664 1847 1122 1247 1204 1955 1721 1384 1905 1744 1361 1771 1186 1520 1086 1225 1189 1968 1270 1438 1970 1770 1191 1880 1628 BCNSPRNW ULIB Ver.6.0+V

เปลี่ยนเป็นภาษาไทย

Change to English
 แสดงรายละเอียดบรรณานุกรม
  กลับหน้าหลัก

Brief Record : Get Marc (ISO 2709) : E-mail record : QR code < ปิดหน้าต่าง
LEADER : 00000nam 2200000uu 4500
001    13399122388
003     ULIB
008    121016s2553||||th 000 0 tha d
020    ^a9786167243030
090    ^aนว.^bP984ล
100    ^aPunch
245    ^aลิขิตรักมายาทะเลทราย/^cPunch
250    ^aพิมพ์ครั้งที่ 1
260    ^aกรุงเทพฯ :^bภัทรโญธิน,^c2553
300    ^a232 หน้า
710 1  ^aภัทรโญธิน
945    ^p229^l0^i16986
995    ^aทศพร
999 ^a กัณชพร
รายการนี้ยังไม่มีแท็ก
คุณยังไม่ได้ล็อกอิน คุณสามารถมีกิจกรรมร่วมกับเว็บไซต์ได้ แต่ต้องล็อกอินก่อน ::
  ล็อกอิน

รายการสื่อสารสนเทศ

ลำดับที่ ประเภท เลขเรียก/บาร์โค้ด สถานที่ สถานะ
1. นวนิยาย
นวนิยาย
นว. P984ล ฉ.1 
  Barcode: 16986
ห้องสมุดวิทยาเขตสวรรค์ประชารักษ์
►นวนิยาย
บนชั้น
  ขอยืม

รายการใกล้เคียง
    ผู้แต่ง [Punch]

BibComment


ยังไม่เคยถูกคอมเมนท์

คอมเมนท์ทรัพยากรรายการนี้
  คอมเมนท์: ลิขิตรักมายาทะเล..


 Copyright 2026. Bcnsprnw @Library